ivy - Taylor Swift (All Lyrics) - Statistics

General Stats
  • This quiz has been taken 204 times
    193 since last reset
  • The average score is 330 of 364
Answer Stats
Lyrics % Correct
a
100%
an
100%
And
100%
and
100%
grows
100%
I
100%
I'm
100%
In
100%
in
100%
My
100%
my
100%
the
100%
The
100%
you
100%
You
100%
you,
100%
Your
100%
your
100%
covered
99%
ivy
99%
now
99%
Now
99%
of
99%
to
99%
house
98%
it
98%
it's
98%
It's
98%
stone
98%
stone,
98%
He
97%
he
97%
Oh,
97%
On
97%
be
96%
goddamn
96%
hand
96%
so
96%
So
96%
but
94%
But
94%
for
94%
me
94%
palm
94%
where
94%
do
93%
How's
93%
know?
93%
know
93%
one
93%
freezing
92%
I'd
91%
meet
91%
we
91%
can't
90%
fits
90%
spirit
90%
that
90%
bones
89%
life
89%
this
89%
been
88%
dreamland
88%
fire
88%
from
88%
is
88%
meets
88%
started
88%
Stop
88%
time
88%
What
88%
what
88%
another
87%
promised
87%
yeah,
87%
fight
85%
burn
84%
don't,
84%
glow
84%
if
84%
pain
84%
roots
84%
snow
84%
war
84%
ground
83%
just
83%
living
83%
mine,
83%
out
83%
putting
83%
sit
83%
us
83%
wish
83%
dark
82%
forgotten
82%
found
82%
here
82%
land
82%
wait
82%
blaze
81%
gonna
81%
He's
81%
old
81%
Taking
81%
would
81%
all
80%
day
80%
every
80%
see
80%
fear
79%
Spring
79%
wants
79%
faith
78%
husband's
78%
near
78%
only
78%
does
76%
drink
76%
tell
76%
what's
76%
wine
76%
yours
76%
breaks
75%
run
75%
cursed
74%
eyes
74%
moments
74%
are
73%
die
73%
fields
73%
long
73%
room
73%
stole
73%
Grieving
72%
incandescent
72%
loose,
71%
Tarnished
71%
become
70%
borrowed
70%
goes
70%
opal
70%
watch
70%
blooms
69%
brought
69%
clear
69%
grand
69%
live
69%
touch
69%
Magnificently
67%
Clover
66%
makes
66%
widow
66%
coast
65%
forth
65%
Or
65%
moon,
64%
begged
63%
we'll
62%
Crescent
60%
fatal
58%
flaw
58%
dare
56%
No matching quizzes found
Score Distribution
Percent of People with Each Score
Percentile by Number Answered
Your Score History
You have not taken this quiz since the last reset